| 000 | 00000nam 2200000za 4500 |
| 001 | 9.699176 |
| 003 | CaOODSP |
| 005 | 20241127083117 |
| 007 | cr ||||||||||| |
| 008 | 150407|1995||||xxc|||||o f|0| 0 eng d |
| 040 | |aCaOODSP|beng |
| 043 | |an-cn--- |
| 086 | 1 |aEn39-2/1995E-PDF |
| 110 | 2 |aCanada Centre for Inland Waters. |
| 245 | 10|aFramework for monitoring biodiversity change (species and species groups) within the Ecological Monitoring and Assessment Network in Canada |h[electronic resource] / |cPatricia Roberts-Pichette. |
| 260 | |aBurlington - Ontario : |bEnvironment Canada. |cJuly 1995. |
| 300 | |a11p.|breferences |
| 590 | |a14-21-Supp|b2014-12-11 |
| 690 | 07|aBiological diversity|2gcpds |
| 690 | 07|aEnvironmental management|2gcpds |
| 775 | 08|tCadre pour la surveillance des changements de la biodiversité (espèces et groupes d'espèces) dans le Réseau d'évaluation et de surveillance écologiques au Canada / |w(CaOODSP)9.643216 |
| 856 | 40|ahttp://publications.gc.ca|qPDF|s32 KB|uhttps://publications.gc.ca/collections/collection_2014/ec/En39-2-1995-eng.pdf |